000 00568nam a2200241 a 4500
001 nice12345678
003 IN_TiNIC
005 20260116012227.0
008 050524s1961 lona grp 000 0 eng
020 _a
_c100
082 0 0 _a232
_bBOA
100 _aBoas, M I
245 _aGod, Christ and Pagan.
260 _aLondon
_bGeorge Allen and Unwin Ltd
_c1961
300 _a187p
500 _aincludes index and biblioraphy
505 2 _aNotes
650 _aJesus Christ-Divinity
700 1 _aBoas, M I
902 _bSRS
942 _cBK
999 _c6165
_d6165